| 000 | 01500nam a22002417a 4500 | ||
|---|---|---|---|
| 999 |
_c6388 _d6388 |
||
| 003 | DO-SdBJH | ||
| 005 | 20210729131600.0 | ||
| 008 | 210729b ||||| |||| 00| 0 spa d | ||
| 040 |
_aDO-SdBJH _bspa _cDO-SdBJH |
||
| 090 |
_aTG ANMG _b01626 2019 |
||
| 100 | 1 |
_aBáez Peguero, Juan Francisco _esustentante |
|
| 245 | 1 | 0 |
_aPropuesta para la creación de un departamento de bomberos en la Armada de República Dominicana a partir del año 2020 / _cJuan Francisco Báez Peguero, Williams Rafael Díaz Acosta, asesores Gertrudis Perera Rodríguez, Ángel E. Guzmán García |
| 260 |
_aSanto Domingo Este : _bINSUDE, _c2019 |
||
| 300 | _avi, 48 páginas | ||
| 502 | _aTrabajo de grado (Licenciado en Ciencias Navales). -- Instituto Superior para la Defensa (INSUDE). Academia Naval Marina de Guerra “Vicealmirante Cesar D’Windt Lavandier”, 2019 | ||
| 504 | _aIncluye referencias bibliográficas e índices | ||
| 505 | _aOrígenes y transformaciones experimentadas por los cuerpos o compañía de bomberos desde su origen hasta la actualidad. -- Razones, motivos y factores que promueven la creación de un departamento de bomberos en la Armada de República Dominicana. -- | ||
| 700 | 1 |
_a Díaz Acosta, Williams Rafael _esustentante |
|
| 700 | 1 |
_a Perera Rodríguez, Gertrudis _easesor |
|
| 700 | 1 |
_aGuzmán García, Ángel E. _easesor |
|
| 830 | _aINSUDE. Academia Naval Marina de Guerra “Vicealmirante Cesar D’Windt Lavandier”. Tesis y disertaciones académicas | ||
| 942 |
_2CL _cT |
||